Suspensiones de la percepción. Atención, espectáculo y cultura moderna.

Guardat en:
Dades bibliogràfiques
Autor principal: Crary, Jonathan (autor)
Altres autors: Hernández Velázquez, Yaiza (traducción)
Format: Llibre
Idioma:espanyol
Publicat: Madrid, España: Ediciones Akal, 2008.
Col·lecció:Estudios Visuales,
Matèries:
Etiquetes: Afegir etiqueta
Sense etiquetes, Sigues el primer a etiquetar aquest registre!

MARC

LEADER 00000cam a2200000 a 4500
001 UCI7444
003 CL-VaPUC
005 20250407202430.0
008 080703t20080000SP |||||||||||||||||spa|d
999 |c 330733  |d 330731 
020 |a 978-84-460-2179-7 
040 |c Pontificia Universidad Católica de Valparaíso 
082 0 4 |a 153.7 CRA 2008  |2 21 
100 |a Crary, Jonathan  |e autor  |9 530703 
245 1 0 |a Suspensiones de la percepción.  |b Atención, espectáculo y cultura moderna. 
260 |a Madrid, España:  |b Ediciones Akal,  |c 2008. 
300 |a 359 páginas:  |b ilustraciones. 
490 0 |a Estudios Visuales,  |n  2. 
500 |a c.3-5: Instituto Arcos. 08-01-2027 
583 |a last modification  |c 20171016 01:36:40  |k Rodrigo Vera 
650 0 |a Percepción   |9 266750  |v Análisis histórico y psicológico  |y Siglos 19-20 
650 0 |a Atención  |9 312027  |x Aspectos artísticos y sociales  |v Historia 
700 |9 895878  |a Hernández Velázquez, Yaiza  |e traducción 
942 |c BK  |2 ddc  |n 0 
945 |d 20080703 00:00:00  |a rbrito 
952 |0 0  |1 0  |4 0  |6 153_700000000000000_CRA_2008  |7 0  |8 A  |9 416477  |a BIBART  |b BIBART  |d 2019-11-22  |i 4455185  |o 153.7 CRA 2008  |p 4455185  |r 2025-03-13  |w 2019-11-22  |y BK  |k ART 
952 |0 0  |1 0  |3 erb  |4 0  |6 153_700000000000000_CRA_2008  |7 0  |8 A  |9 416478  |a FDOPOS  |b BIBEDU  |i 5429838  |l 2  |o 153.7 CRA 2008  |p 5429838  |r 2025-01-22  |s 2024-12-03  |w 2019-11-22  |y BK  |z Catalogado en:20171020  |k DLH 
952 |0 0  |1 0  |2 ddc  |4 0  |6 153_700000000000000_CRA_2008  |7 0  |8 A  |9 601462  |a BIBINC  |b BIBINC  |d 2025-03-18  |e Instituto Arcos  |i 5666253  |o 153.7 CRA 2008  |p 5666253  |r 2025-03-18  |t 3  |w 2025-03-18  |y BK  |k IFP 
952 |0 0  |1 0  |2 ddc  |4 0  |6 153_700000000000000_CRA_2008  |7 0  |8 A  |9 601463  |a BIBINC  |b BIBINC  |d 2025-03-18  |e Instituto Arcos  |i 5666254  |o 153.7 CRA 2008  |p 5666254  |r 2025-03-18  |t 4  |w 2025-03-18  |y BK  |k IFP 
952 |0 0  |1 0  |2 ddc  |4 0  |6 153_700000000000000_CRA_2008  |7 0  |8 A  |9 601464  |a BIBINC  |b BIBINC  |d 2025-03-18  |e Instituto Arcos  |i 5666255  |o 153.7 CRA 2008  |p 5666255  |r 2025-03-18  |t 5  |w 2025-03-18  |y BK  |k IFP